Designing and managing a research project : (Record no. 48556)

MARC details
000 -LEADER
fixed length control field 02295cam a22003378a 4500
005 - DATE AND TIME OF LATEST TRANSACTION
control field 20101108105920.0
010 ## - LCCN (DPL NO)
LC control number ENG-101754 B-428334-336
020 ## - INTERNATIONAL STANDARD BOOK NUMBER
International Standard Book Number 9788132105770
Terms of availability 395.00
035 ## - SYSTEM CONTROL NUMBER
System control number EN-85287
035 ## - SYSTEM CONTROL NUMBER
System control number B-428334-336
037 ## - SOURCE OF ACQUISITION
Source of stock number/acquisition DBAD/PUB
037 ## - SOURCE OF ACQUISITION
Source of stock number/acquisition Researchco Book Centre
082 00 - DEWEY DECIMAL CLASSIFICATION NUMBER
Classification number 650.072
100 1# - MAIN ENTRY--PERSONAL NAME
Personal name Polonsky, Michael J.
245 10 - TITLE STATEMENT
Title Designing and managing a research project :
Remainder of title a business student's guide /
Statement of responsibility, etc by Michael Jay Polonsky [and] David S. Waller.
250 ## - EDITION STATEMENT
Edition statement 2nd ed
260 ## - PUBLICATION, DISTRIBUTION, ETC. (IMPRINT)
Place of publication, distribution, etc New Delhi
Name of publisher, distributor, etc Sage Publications
Date of publication, distribution, etc 2010
270 ## - ADDRESS
Address B1/I-1, Mohan Cooperatie Industrial Area, Mathura Road
City New Delhi
Postal code 110044
300 ## - PHYSICAL DESCRIPTION
Extent xiii,279p.
Dimensions 23cm. (pbk)
500 ## - GENERAL NOTE
General note Includes bibliographical references and index.
505 0# - FORMATTED CONTENTS NOTE
Formatted contents note Introduction -- Choosing a topic -- The role of the supervisor -- Group dynamics and the role of conflict -- Ethical considerations -- Planning the research project -- Literature review -- Data gathering -- Qualitative data analysis -- Quantitative data analysis -- Establishing recommendations -- Presenting the results -- Writing the report -- Oral presentations -- Concluding remarks.
650 #0 - SUBJECT ADDED ENTRY--TOPICAL TERM
Topical term or geographic name as entry element Business
General subdivision Research
-- Methodology.
700 1# - ADDED ENTRY--PERSONAL NAME
Personal name Waller, David S.
9 (RLIN) 24119
942 ## - ADDED ENTRY ELEMENTS (KOHA)
Source of classification or shelving scheme Dewey Decimal Classification
Item type English Books
Classification part 650.072
Call number suffix POL
Holdings
Withdrawn status Lost status Not for loan Collection code Home library Current library Date acquired Source of acquisition Cost, normal purchase price Full call number Barcode Copy number Cost, replacement price Koha item type
      Non-fiction Central Library Central Library 11/08/2011 Researchco Book Centre/22425/2010-11/17.3.11/76/4.3.11/30.3.11 395.00 650.072 POL B-428334 2 395.00 English Books
      Non-fiction Central Library Central Library 11/08/2011 Researchco Book Centre/22425/2010-11/17.3.11/76/4.3.11/30.3.11 395.00 650.072 POL B-428335 2 395.00 English Books
    Not For Loan Non-fiction D.B.Act.Division D.B.Act.Division 08/11/2010 DBAD/PUB 395.00 650.072 POL EN-85287 1 395.00 English Books
      Non-fiction Shahdara Branch Shahdara Branch 11/08/2011 Researchco Book Centre/22425/2010-11/17.3.11/76/4.3.11/30.3.11 395.00 650.072 POL B-428336 1 395.00 English Books

© Delhi Public Library
Hit Counter
free hit counter